| 000 | 00794nam a22002417a 4500 | ||
|---|---|---|---|
| 005 | 20231222125107.0 | ||
| 010 | _aENG-138728 ENG-138729 | ||
| 020 |
_c9789390897520 _a1595.00 |
||
| 020 |
_c9789390897513 _a595.00 |
||
| 035 | _aEN-122260 | ||
| 035 | _aEN-122261 | ||
| 037 | _bDBAD/PUB | ||
| 082 |
_a370 _21 |
||
| 100 |
_aA.M, Shahana _960179 |
||
| 245 |
_aFacets of Education/ _cBy Shahana A.M and Edited By Vanaja M. |
||
| 250 | _a1 | ||
| 260 |
_aNew Delhi _bNeelkamal Publications _c2021 |
||
| 270 |
_a4764/1,23,Ansari Road Daryaganj, _bNew Delhi _e110002 _k011-23244237 _k9811828953 _mneelkamalbooks@gmail.com |
||
| 300 |
_axviii+413p. _c24cm(pbk) _bill. |
||
| 300 |
_axviii+413p. _c25cm(hbk) |
||
| 700 |
_aM, Vanaja _eEdited _960178 |
||
| 942 |
_2ddc _cEN _h370 _mAMS _e1 |
||
| 999 |
_c199782 _d199782 |
||